| 000 | 00702nas a2200229 4500 | ||
|---|---|---|---|
| 001 | BR9501926 | ||
| 003 | BR-BrBNA | ||
| 005 | 20231205093939.0 | ||
| 007 | ta | ||
| 008 | 230509b bl.|||p| |||| 00| 00por d | ||
| 040 |
_aBR-BrBNA _bpor _cBiblioteca Nacional de Agricultura |
||
| 041 | _a(Pt) | ||
| 072 | _aL60 | ||
| 100 | 1 | _aJardim, L.F.A. | |
| 245 | 1 | _aOsteologia do sincranio das especies de Menticirrhus gill, 1861 da costa sul do Brasil (Perciformes, Sciaenidae) | |
| 650 | _aBetara | ||
| 650 | _aTaxonomia | ||
| 650 | _aRegiao Sul | ||
| 773 | 0 |
_tAtlantica (Brazil) _xISSN 0102-1656 _g(1988), v. 10(1) p. 41-74 _wBR9501926 |
|
| 909 |
_a202311 _bLúcia _c55 _dLúcia Elande |
||
| 942 |
_2AGRIS _n0 _cANA |
||
| 999 |
_c141239 _d141239 |
||